01581nas a2200421 i 450000100060000000300080000600500170001400600190003100700150005000800410006502200140010603500210012004000310014105000200017208000120019208200120020410000290021624500550024526400630030030000250036331000140038833600310040233700330043333800430046636200530050958801280056259001640069065000290085465000280088365000220091165000310093365500290096470000380099377300300103179700190106185600620108099900170114227240FlNmELB20241216215951.0m o d | cr cnu||||||||140228c20129999ck fr p o 0 b0spa d a0123-580X a(OCoLC)949107880 aFINmELBbspaerdacFINmELB 4aHD28bA174 2012 a658(05)0 a6582231 aAcevedo, Eduardo Norman.10aPunto de vista /cEduardo Enrique Norman (editor). 1aBogotá :bEditorial Politécnico Grancolombiano,c2012. a1 recurso en línea aSemestral atextobtxt2rdacontent/spa acomputadorabc2rdamedia/spa arecurso en líneabcr2rdacarrier/spa0 aVolumen 3, número 5 (julio-diciembre) (2012) - aDescripción basada en recurso en línea; Título de la página del título en PDF (e-libro, visto February 28, 2014). aRecurso electrónico. Santa Fe, Arg.: e-libro, 2015. Disponible vía World Wide Web. El acceso puede estar limitado para las bibliotecas afiliadas a e-libro. 0aManagementvPeriodicals. 0aEconomicsvPeriodicals. 4aAdministración. 4aPublicación periódica. 4aRevistas electrónicas.1 aNorman, Eduardo Enrique,eeditor.0 tPunto de vistax0123-580X2 ae-libro, Corp.40uhttps://elibro.net/ereader/politecnicointernacional/81729 c27240d27240